00563nam a22001817a 450000500170000001000150001702000260003203500140005803700090007208200100008110000200009124500750011126000440018627000870023030000270031770000170034470000200036120220221165224.0 aENG-131719 a9788194368571c370.00 aEN-115251 bDBAD a620.1 aSreekanth, D.V. aEngineering Mechanics/cD.V. Sreekanth, T. Paramesh and B. Ashok Kumar aHyderabadbAmaravati Publicationsc2021 a# 326/C, Level-2, Surneni Nilayam Near B K Guda Park, S R NagarbHyderabade500038 aviii, 424p.c24cm(pbk) aParamesh, T. aKumar, B. Ashok